Vozmožnosti vyčislitel'nych mašin i čelovečeskij razum ot suždenij k vyčislenijam

Salvato in:
Dettagli Bibliografici
Autore principale: Weizenbaum, Joseph
Natura: Libro
Lingua:russo
Pubblicazione: Moskva Radio i svjaz' 1982
Tags: Aggiungi Tag
Nessun Tag, puoi essere il primo ad aggiungerne!!

MARC

LEADER 00000nam a2200000 4500
001 c130934
005 20240912071424.1
041 0 |a rus 
044 |a RU 
245 1 0 |a Vozmožnosti vyčislitel'nych mašin i čelovečeskij razum  |b ot suždenij k vyčislenijam  |c Joseph Weizenbaum ; [Perevod s angl. I.B. Gureviča] 
264 1 |a Moskva  |b Radio i svjaz'  |c 1982 
300 |a 366 s. 
100 1 |a Weizenbaum, Joseph